| 000 | 00643nam a2200253Ia 4500 | ||
|---|---|---|---|
| 003 | OSt | ||
| 005 | 20220912150754.0 | ||
| 006 | a|||||r|||| 00| 0 | ||
| 007 | ta | ||
| 008 | 220909b |||||||| |||| 00| 0 eng d | ||
| 024 | _a37302 | ||
| 037 | _cTextual | ||
| 040 |
_aCSL _beng _cCSL |
||
| 041 | _aeng | ||
| 082 | _aE9821:81, K2 | ||
| 100 | _aHayaishi Osamu Ed. | ||
| 245 | 0 | _aOxygenases | |
| 260 |
_aNew York _b Academc Press _c1962 |
||
| 300 |
_axii, 588p. _ccm. illus. |
||
| 650 | _a Oxygenases | ||
| 650 | _aChemistry | ||
| 942 |
_hE9821:81, K2 _cTEXL _2CC |
||
| 999 |
_c54573 _d54573 |
||